LEADER 01706nam 2200421Ia 450 001 996397475203316 005 20210104171908.0 035 $a(CKB)4940000000063120 035 $a(EEBO)2240921436 035 $a(OCoLC)ocn603868943e 035 $a(OCoLC)603868943 035 $a(EXLCZ)994940000000063120 100 $a20100407d1609 uy 0 101 0 $alat 135 $aurbn||||a|bb| 200 10$aIustini ex Trogi Pompeii Historiis externis libri XLIIII$b[electronic resource] $eHis accessit, ex Sexto Aurelio Victore De vita & moribus Romanorum imperatorum epitome. Omnia quam diligentissime? ex variorum exemplarium collatione castigata. 210 $aLondini $cExcudebat Thomas Haveland.$d16[09] 215 $a387, [5] p 300 $aAn epitome of: Trogus, Pompeius. Historiae Philippicae. 300 $aThe work ostensibly by Victor is an abridgment of his "De Caesaribus" continued by an unknown hand. 300 $aSignatures: A-Aa? Bb?. 300 $aImperfect: t.p. damaged, with loss of part of date; defaced and overwritten with ms. notes. 300 $aReproduction of original in: British Library. 320 $aBibliographic references in marginal notes. 330 $aeebo-0018 606 $aHistory, Ancient$vEarly works to 1800 606 $aEmperors$zRome$vEarly works to 1800 615 0$aHistory, Ancient 615 0$aEmperors 700 $aJustinus$b Marcus Junianus$0186594 701 $aTrogus$b Pompeius$0186595 701 $aVictor$b Sextus Aurelius$0187419 801 0$bUMI 801 1$bUMI 906 $aBOOK 912 $a996397475203316 996 $aIustini ex Trogi Pompeii Historiis externis libri XLIIII$92297732 997 $aUNISA